Countries Three Borders Away From France - Statistics

General Stats
  • This quiz has been taken 27 times
  • The average score is 9 of 10
Answer Stats
Direct border Secondary Border Answer % Correct
Italy Slovenia Croatia
96%
Brazil Austria, Slovenia Hungary
92%
Italy Austria, Czech Republic, Poland Slovakia
88%
Brazil Poland Ukraine
88%
Italy Poland Belarus
84%
Spain Poland Lithuania
84%
Brazil Argentina Chile
80%
Brazil Colombia, Peru Ecuador
80%
Brazil Colombia Panama
80%
Germany Poland Russia
80%
No matching quizzes found
Score Distribution
Percent of People with Each Score
Percentile by Number Answered
Your Score History
You have not taken this quiz